| 000 | 00901nam a2200265 a 4500 | ||
|---|---|---|---|
| 001 | 000044167 | ||
| 003 | DO-SdBNP | ||
| 005 | 20180321091804.0 | ||
| 007 | 000044167 | ||
| 008 | 140603s2006 dr 000 0 spa d | ||
| 040 |
_aBPMET _bspa _cBPMET |
||
| 092 |
_axxxxxxx _bD812j, 206 |
||
| 100 | 1 | _aJimenes Grullón, Juan Isidro | |
| 245 | 1 | 3 | _aLa ideología revolucionaria de Juan Pablo Duarte. |
| 250 | _a3a. ed. | ||
| 260 |
_aSanto Domingo : _bFundación para la Educación y el Arte (EDUCARTE) _c2006. |
||
| 300 |
_a32 p. ; _c21 cm. |
||
| 490 | 1 |
_aCuadernos educativos y culturales _aIndependencia nacional _v11 |
|
| 504 | _aBibliografías : p. 31-32 | ||
| 700 | 1 |
_aCastro Burdiez, Tomás, _eed. |
|
| 830 | 0 |
_aCuadernos educativos y culturales _pIndependencia nacional _n11 |
|
| 942 |
_2ddc _cBK |
||
| 945 | _aRemanejado para la BNPHU / 2018 VM | ||
| 956 |
_aVMATEO _b10 _c20140603 _lBPMUSU _h0069 |
||
| 999 |
_c7381 _d7381 |
||